000
00261nam a2200109Ia 4500
008
230907s9999||||xx |||||||||||||| ||und||
082
_a
620.106
_b
CEN
245
0
_a
Fluid mechanics :
260
_a
McGraw-Hill,
_b
Chennai :
_c
2018
300
_a
986 p.
942
_c
BK
999
_c
600282
_d
600282